| 000 | 00883nam a2200265Ia 4500 | ||
|---|---|---|---|
| 003 | OSt | ||
| 005 | 20220926024948.0 | ||
| 006 | a|||||r|||| 00| 0 | ||
| 007 | ta | ||
| 008 | 220923b |||||||| |||| 00| 0 eng d | ||
| 020 | _c1014.16 | ||
| 037 |
_b1064/Pound12.95, 27/04/2000, Efficient _cGeneral Book |
||
| 040 |
_aRTL _cRTL _beng |
||
| 041 |
_2eng _aeng |
||
| 082 | _aY73:4582.6.N9, N8 | ||
| 100 |
_aHeald Suzette _9331704 |
||
| 245 | 0 |
_aControlling Anger _b The anthropology of gisu violence |
|
| 260 |
_aOxford _bJames Currey _c1998 |
||
| 300 |
_axiv,296p _ccm. |
||
| 490 | _aEastern African Studies | ||
| 500 | _aBibliography: p 282-289; Appendix: p 263-277; Glossary: p 278-281 | ||
| 650 |
_aEthnology _935130 |
||
| 942 |
_hY73:4582.6.N9, N8 _cGB _2CC |
||
| 999 |
_c645998 _d645998 |
||